000 00667nam a2200217Ia 4500
005 20260429111904.0
008 260429s9999||||xx |||||||||||||| ||und||
020 _a9783030824105
041 _aEnglish
082 _a616.89142
_bBAL
100 _aBalconi, Michela
245 0 _aAdvances in substance and behavioral addiction :
_bthe role of executive functions /
_cMichela Balconi
260 _aSwitzerland :
_bSpringer,
_c2021.
300 _axii, 257 p.; pbk
440 _aAdvances in mental health and addiction
650 _a Behavior therapy
650 _a Behavioral addiction
650 _aDiseases
700 _a Campanella, Salvatore
942 _cTB
999 _c51291
_d51291